Účtovné knihy v sústave jednoduchého účtovníctva

Hlavné a pomocné účtovné knihy, ktoré od 1.1.2003 musia viesť účtovné jednotky účtujúce v sústave jednoduchého účtovníctva. Obsah jednotlivých kníh podľa najnovšieho zákona o účtovníctve.

Gespeichert in:
Bibliographische Detailangaben
1. Verfasser: Dobšovič, Dušan
Format: Buchkapitel
Sprache:Slowakisch
Schlagworte:
Tags: Tag hinzufügen
Keine Tags, Fügen Sie das erste Tag hinzu!

MARC

LEADER 00000naa a2200000 4500
001 r048567
005 20231002123913.4
041 0 |a slo 
044 |a SK 
245 1 0 |a Účtovné knihy v sústave jednoduchého účtovníctva  |c Dušan Dobšovič 
520 |a Hlavné a pomocné účtovné knihy, ktoré od 1.1.2003 musia viesť účtovné jednotky účtujúce v sústave jednoduchého účtovníctva. Obsah jednotlivých kníh podľa najnovšieho zákona o účtovníctve. 
610 2 0 |a účtovníctvo jednoduché 
610 2 0 |a knihy účtovné 
610 2 0 |a úpravy právne 
610 2 0 |a novelizácia 
610 2 0 |a Slovensko 
100 1 |a Dobšovič, Dušan